Vocabulaires equestre en anglais - Statistiques

Statistiques générales
  • Ce quiz a été pris 11 fois
  • Le résultat moyen est 4 sur 15
Statistiques - réponses
Hint Réponse % Correct
une jument mare
78%
ecurie stable
67%
un poulain foal
56%
selle saddle
44%
queue tail
44%
etriers stirrups
33%
sabot hoof
22%
manege arena
11%
bride bridle
11%
un poulain de moins de 4ans colt
11%
paille hay
11%
renes reins
11%
box stall
11%
criniere mane
0%
saut d'obstacle show jumping
0%
Aucun quiz correspondant
Distribution des résultats
% des personnes avec chaque résultat
Percentile par nombre de réponses
Votre historique - résultats
Vous n’avez pas pris ce quiz